logo

Bir Sreshtho Munshi Abdur Rouf Library
Jhenaidah Cadet College

ইসলামী ব্যাংকিং ও যাকাত / (Record no. 4022)

MARC details
000 -LEADER
fixed length control field 00730nam a2200205 a 4500
001 - CONTROL NUMBER
JCCL Control Number 4022
003 - CONTROL NUMBER IDENTIFIER
JCCL marc code BD-JhCC
005 - DATE AND TIME OF LATEST TRANSACTION
control field 20171121113830.0
008 - FIXED-LENGTH DATA ELEMENTS--GENERAL INFORMATION
fixed length control field 171121s1984 bg ||||| |||| 00| 0 ben d
035 ## - SYSTEM CONTROL NUMBER
system control number (BD-JhCC)4022
040 ## - CATALOGING SOURCE
Original cataloging agency BD-JhCC
Modifying agency BD-JhCC
041 ## - LANGUAGE CODE
Language code of Book ben
082 ## - DEWEY DECIMAL CLASSIFICATION NUMBER
Classification number 332.10559
Author mark and Year SID 1984
100 ## - MAIN ENTRY--PERSONAL NAME
Personal name সিদ্দিকী, ডঃ নাযাতুল্লাহ
245 ## - TITLE STATEMENT
Title ইসলামী ব্যাংকিং ও যাকাত /
Statement of responsibility, etc ডঃ নাযাতুল্লাহ সিদ্দিকী, ডঃ এ কে জাকী বাদাভী
300 ## - PHYSICAL DESCRIPTION
Pagination 35 p. :
Dimensions 21 cm.
650 ## - SUBJECT ADDED ENTRY--TOPICAL TERM
Topical term or geographic name as entry element Islamic banking
700 ## - ADDED ENTRY--PERSONAL NAME
Personal name বাদাভী, ডঃ এ কে জাকী
942 ## - ADDED ENTRY ELEMENTS (KOHA)
Source of classification or shelving scheme Dewey Decimal Classification
Koha item type Books
Holdings
Source of classification or shelving scheme Damaged status Not for loan Home library Current library Shelving location Date of accession Cost, normal purchase price Total Checkouts Full call number Barcode Date last seen Copy number Koha item type
Dewey Decimal Classification     JCC Rouf Library JCC Rouf Library General Stacks 11/21/2017 5.00   332.10559 SID 1984 5612 11/21/2017 C-1 Books

JCC Library | Contacts | JCC Home

Last Update on 23 September 2017
Copyright @ 2017-2020 JCC Rouf Library
Rouf Library, Jhenidah Cadet College (JCC), Bangladesh